Yakko's World - Error and Error and ERROR (Part 1) Quiz Stats

 Plays Quiz not verified by Sporcle

Challenge
Share
Tweet
Embed
Score 0/15 Timer 05:00
0 Plays Today
Wrong Name Actual Name % Correct
Republic DominicanDominican Republic
97.1%
Both YemensYemen
94.3%
New GuineaPapua New Guinea
91.4%
BurmaMyanmar
88.6%
Philippine IslandsPhilippines
88.6%
Abu DhabiUnited Arab Emirates
85.7%
KoreaNorth and South
82.9%
CongoRepublic of Congo
82.9%
Wrong Name Actual Name % Correct
ZaireDemocratic Republic of the Congo
80%
KampchueaCambodia
71.4%
Spanish SaharaWestern Sahara
65.7%
PalestineIsrael
60%
DahomeyBenin
57.1%
CaymanCayman Islands
48.6%
MahoreMayotte
40%

You're not logged in!

Compare scores with friends on all Sporcle quizzes.
Join for Free
OR
Log In

You Might Also Like...

Show Comments

Extras

Top Quizzes Today


Score Distribution

Your Account Isn't Verified!

In order to create a playlist on Sporcle, you need to verify the email address you used during registration. Go to your Sporcle Settings to finish the process.

Report this User

Report this user for behavior that violates our Community Guidelines.

Details: